MARC details
| 000 -LEADER |
| fixed length control field |
02741cam a2200541Ii 4500 |
| 001 - CONTROL NUMBER |
| control field |
1290896812 |
| 003 - CONTROL NUMBER IDENTIFIER |
| control field |
OCoLC |
| 005 - DATE AND TIME OF LATEST TRANSACTION |
| control field |
20240311212423.0 |
| 008 - FIXED-LENGTH DATA ELEMENTS--GENERAL INFORMATION |
| fixed length control field |
220105t20192019nyua a 000 1 eng d |
| 020 ## - INTERNATIONAL STANDARD BOOK NUMBER |
| International Standard Book Number |
9780593111772 |
| Qualifying information |
(paperback : Special Markets) |
| 020 ## - INTERNATIONAL STANDARD BOOK NUMBER |
| International Standard Book Number |
059311177X |
| Qualifying information |
(paperback : Special Markets) |
| 035 ## - SYSTEM CONTROL NUMBER |
| System control number |
(OCoLC)1290896812 |
| 040 ## - CATALOGING SOURCE |
| Original cataloging agency |
YFL |
| Language of cataloging |
eng |
| Description conventions |
rda |
| Transcribing agency |
YFL |
| Modifying agency |
OCLCO |
| -- |
OCLCF |
| -- |
OCLCO |
| 041 1# - LANGUAGE CODE |
| Language code of text/sound track or separate title |
eng |
| -- |
spa |
| 082 04 - DEWEY DECIMAL CLASSIFICATION NUMBER |
| Classification number |
[E] |
| Edition number |
23 |
| 100 1# - MAIN ENTRY--PERSONAL NAME |
| Personal name |
Godwin, Jane, |
| Dates associated with a name |
1964- |
| Authority record control number |
https://id.loc.gov/authorities/names/n2006081499 |
| Relator term |
author. |
| 245 10 - TITLE STATEMENT |
| Title |
Casa del arbol, casa rojita, diminuta ratoncita marroncita/ |
| Statement of responsibility, etc. |
por Jane Godwin ; ilustrado por Blanca Gomez ; version rimada en espanol por Yanitzia Canetti = Red house, tree house, little bitty brown mouse / by Jane Godwin ; illustrated by Blanca Gomez. |
| 246 3# - VARYING FORM OF TITLE |
| Title proper/short title |
Red house, tree house, little bitty brown mouse |
| 250 ## - EDITION STATEMENT |
| Edition statement |
Imagination Library edition. |
| 260 ## - PUBLICATION, DISTRIBUTION, ETC. (IMPRINT) |
| Place of publication, distribution, etc. |
New York : |
| Name of publisher, distributor, etc. |
Dial Books for Young Readers, |
| Date of publication, distribution, etc. |
[2019] |
| 264 #1 - PRODUCTION, PUBLICATION, DISTRIBUTION, MANUFACTURE, AND COPYRIGHT NOTICE |
| Place of production, publication, distribution, manufacture |
New York : |
| Name of producer, publisher, distributor, manufacturer |
Dial Books for Young Readers, |
| Date of production, publication, distribution, manufacture, or copyright notice |
[2019] |
| 264 #4 - PRODUCTION, PUBLICATION, DISTRIBUTION, MANUFACTURE, AND COPYRIGHT NOTICE |
| Date of production, publication, distribution, manufacture, or copyright notice |
c2019. |
| 300 ## - PHYSICAL DESCRIPTION |
| Extent |
1 volume (unpaged) : |
| Other physical details |
color illustrations ; |
| Dimensions |
26 cm. |
| 336 ## - CONTENT TYPE |
| Content type term |
text |
| Content type code |
txt |
| Source |
rdacontent. |
| 336 ## - CONTENT TYPE |
| Content type term |
still image |
| Source |
rdacontent. |
| 337 ## - MEDIA TYPE |
| Media type term |
unmediated |
| Media type code |
n |
| Source |
rdamedia. |
| 338 ## - CARRIER TYPE |
| Carrier type term |
volume |
| Carrier type code |
nc |
| Source |
rdacarrier. |
| 385 ## - AUDIENCE CHARACTERISTICS |
| Demographic group code |
age |
| Audience term |
Children |
| Source |
lcdgt. |
| 500 ## - GENERAL NOTE |
| General note |
"Dolly Parton's Imagination Library"--Cover. |
| 500 ## - GENERAL NOTE |
| General note |
Bilingual text in English and Spanish. |
| 520 ## - SUMMARY, ETC. |
| Summary, etc. |
In this rhyming story, a young mouse makes her way around the world, introducing colors. |
| 650 #0 - SUBJECT ADDED ENTRY--TOPICAL TERM |
| Topical term or geographic name as entry element |
Color |
| Form subdivision |
Juvenile fiction. |
| Authority record control number |
https://id.loc.gov/authorities/subjects/sh2009120706. |
| 650 #0 - SUBJECT ADDED ENTRY--TOPICAL TERM |
| Topical term or geographic name as entry element |
Mice |
| Form subdivision |
Juvenile fiction. |
| Authority record control number |
https://id.loc.gov/authorities/subjects/sh2008107739. |
| 655 #7 - INDEX TERM--GENRE/FORM |
| Genre/form data or focus term |
picture books. |
| Source of term |
aat |
| Authority record control number |
(CStmoGRI)aatgf300026446. |
| 655 #7 - INDEX TERM--GENRE/FORM |
| Genre/form data or focus term |
Animal fiction. |
| Source of term |
fast |
| Authority record control number |
(OCoLC)fst01982492. |
| 655 #7 - INDEX TERM--GENRE/FORM |
| Genre/form data or focus term |
Fiction. |
| Source of term |
fast |
| Authority record control number |
(OCoLC)fst01423787. |
| 655 #7 - INDEX TERM--GENRE/FORM |
| Genre/form data or focus term |
Juvenile works. |
| Source of term |
fast |
| Authority record control number |
(OCoLC)fst01411637. |
| 655 #7 - INDEX TERM--GENRE/FORM |
| Genre/form data or focus term |
Picture books. |
| Source of term |
fast |
| Authority record control number |
(OCoLC)fst01726789. |
| 655 #7 - INDEX TERM--GENRE/FORM |
| Genre/form data or focus term |
Stories in rhyme. |
| Source of term |
fast |
| Authority record control number |
(OCoLC)fst01921738. |
| 655 #7 - INDEX TERM--GENRE/FORM |
| Genre/form data or focus term |
Stories in rhyme. |
| Source of term |
lcgft |
| Authority record control number |
https://id.loc.gov/authorities/genreForms/gf2014026559. |
| 655 #7 - INDEX TERM--GENRE/FORM |
| Genre/form data or focus term |
Animal fiction. |
| Source of term |
lcgft |
| Authority record control number |
https://id.loc.gov/authorities/genreForms/gf2017026034. |
| 655 #7 - INDEX TERM--GENRE/FORM |
| Genre/form data or focus term |
Picture books. |
| Source of term |
lcgft |
| Authority record control number |
https://id.loc.gov/authorities/genreForms/gf2016026096. |
| 655 #7 - INDEX TERM--GENRE/FORM |
| Genre/form data or focus term |
Histoires rimes. |
| Source of term |
rvmgf |
| Authority record control number |
(CaQQLa)RVMGF-000000567. |
| 655 #7 - INDEX TERM--GENRE/FORM |
| Genre/form data or focus term |
Livres d'images. |
| Source of term |
rvmgf |
| Authority record control number |
(CaQQLa)RVMGF-000001578. |
| 700 1# - ADDED ENTRY--PERSONAL NAME |
| Personal name |
Canetti, Yanitzia, |
| Dates associated with a name |
1967- |
| Authority record control number |
https://id.loc.gov/authorities/names/n95044499 |
| Relator term |
translator. |
| 700 1# - ADDED ENTRY--PERSONAL NAME |
| Personal name |
Gomez, Blanca, |
| Dates associated with a name |
1978- |
| Authority record control number |
https://id.loc.gov/authorities/names/n2014069838 |
| Relator term |
illustrator. |
| 942 ## - ADDED ENTRY ELEMENTS (KOHA) |
| Koha item type |
Libro/Book |